000 00335 a2200157 4500
001 176257
020 _a
040 _cMagnum
100 _aLima, Edy
240 1 0 _aPresente de amigo e inimigo
_lpor
245 1 0 _aPresente de amigo e inimigo
362 0 _a1899
440 1 _aScipione
697 _aMAGNITO: IJ/GERAL
942 _cBK
999 _c176257
_d176257